00675nam a2200229 a 4500001001300000003000900013005001700022008004100039020001000080082002100090100002200111245002300133260003300156300000900189500003500198650002600233700002200259902000800281942000700289952013400296999001500430nice12345678IN_TiNIC20260116013123.0070829s1996 lona grp 000 0 eng  ac10000a305.480201bCLA1 aClarke, Elizabeth aWomen and Religion aLondonbHarper Collinsc1996 a386p aincludes index and biblioraphy aWomen in Christianity1 aClarke, Elizabeth bSRS cBK 001040708StackRoom-aHMIbHMId2007-08-29g100.00l1o305.480201 CLA1p017661r2022-07-04s2022-06-27v100.00w2007-08-29yBK c9735d9735